000 00705nam a2200253Ia 4500
003 OSt
005 20221005090011.0
006 a|||||r|||| 00| 0
007 ta
008 221004b |||||||| |||| 00| 0 eng d
024 _a103356
037 _cTextual
040 _aCRL
_cCRL
_beng
041 _2eng
_aeng
082 _aC9B3, K3
100 _aHeckman Harry H
_9614738
245 0 _aNuclear physics and the fundamental particles
260 _aNew York
_bHolt Rinehart and Winston Inc.
_c1963
500 _aDSK Collection
650 _aPHYSICS
700 _a Starring Paul W
_9614739
942 _hC9B3, K3
_cTEXL
_2cc
999 _c995087
_d995087